000 00618nmc a2200265 a 4500
003 AR-BaBNM
005 20251128211538.0
008 174120s1991 ||||||||||||||000 | spa||
020 _a0-435-27725-1
040 _cAR-BaBNM
100 1 _aLeather, Sue
245 1 0 _aKarateka
260 _aOxford
_bHeinemann
_c1991
300 _a15 p.
_bil.
490 0 _aNew wave readers
500 _aNivel 2
650 4 _aENSENANZA DE IDIOMAS
650 4 _aINGLES
650 4 _aCUENTOS
653 _aLITERATURA DIDACTICA
700 1 _aBrash, Marje
800 1 _aMc. Lean, Alan C.
942 _cBK
998 _cEugenia
999 _c20122
_d20122